The Metaphysical Club (Registro nro. 242438)
[ vista simple ]
| 000 -ENCABEZADO | |
|---|---|
| Número de control [NR] | 01241cam a2200289 a 4500 |
| 005 - FECHA Y HORA DE LA ÚLTIMA TRANSACCIÓN | |
| control field | 20140903175109.0 |
| 008 - DE LONGITUD FIJA DE DATOS DE ELEMENTOS - INFORMACIÓN GENERAL | |
| Elementos de longitud fija [NR] | 140522s2001 xxu b 001 0 eng |
| 010 ## - NUMERO DE CONTROL DE LA BIBLIOTECA DEL CONGRESO (LC) [NR] | |
| Número de control LC [NR] | 00066279 |
| 020 ## - NUMERO INTERNACIONAL NORMALIZADO PARA LIBROS [R] | |
| Número Internacional Normalizado del libro [NR] | 0374528497 |
| 020 ## - NUMERO INTERNACIONAL NORMALIZADO PARA LIBROS [R] | |
| Número Internacional Normalizado del libro [NR] | 9780374528492 |
| 040 ## - FUENTE DE CATALOGACION [NR] | |
| Agencia de catalogación original [NR] | CO-BoUCM |
| Idioma de catalogación [NR] | spa |
| Quien Cataloga | Diana Londoño |
| Quien Clasifica | Diana Londoño |
| 041 #0 - CODIGO DE IDIOMA [R] | |
| Código de idioma para texto/pista de sonido o título separado [R] | Inglés |
| 100 1# - ASIENTO PRINCIPAL--NOMBRE PERSONAL [NR] | |
| Nombre personal [NR] | Menand, Louis |
| ID Autoridad | 61526 |
| 245 14 - MENCION DE TITULO [NR] | |
| Título [NR] | The Metaphysical Club |
| Mención de responsabilidad, etc. [NR] | Louis Menand |
| 260 ## - PUBLICACION, DISTRIBUCION, ETC. (PIE DE IMPRENTA) [R] | |
| Lugar de publicación, distribución, etc. [R] | Nueva York |
| Nombre del editor, distribuidor, etc. [R] | Farrar, Straus, and Giroux |
| Fecha de publicación, distribución, etc. [R] | 2001 |
| 300 ## - DESCRIPCION FISICA [R] | |
| Extensión [R] | xii, 546 páginas |
| 504 ## - NOTA DE BIBLIOGRAFIA, ETC. [R] | |
| Nota de bibliografía, etc. [NR] | Incluye referencias bibliográficas e índices |
| 505 0# - NOTA DE CONTENIDO CON FORMATO PREESTABLECIDO [R] | |
| Nota de contenido con formato preestablecido [NR] | The politics of slavery -- The abolitionist -- The wilderness and after -- The man of two minds -- Agassiz -- Brazil -- The Peirces -- The law of errors -- The metaphysical club -- Burlington -- Baltimore -- Chicago -- Pragmatisms -- Pluralisms -- Freedoms. |
| 586 ## - NOTA DE PREMIOS [R] | |
| Nota de premios [NR] | Premio Pulitzer 2002 |
| 650 #7 - ASIENTO SECUNDARIO DE MATERIA - TERMINO TEMATICO [R] | |
| Término temático o nombre geográfico como elemento de entrada [NR] | Intelectuales |
| Subdivisión geográfica [R] | Estados Unidos |
| Subdivisión general [R] | Historia |
| 9 (RLIN) | 17841 |
| 650 #7 - ASIENTO SECUNDARIO DE MATERIA - TERMINO TEMATICO [R] | |
| Término temático o nombre geográfico como elemento de entrada [NR] | Metafísica |
| Subdivisión general [R] | Historia |
| 9 (RLIN) | 19397 |
| Subdivisión geográfica [R] | Estados Unidos |
| 651 #4 - ASIENTO SECUNDARIO DE MATERIA - NOMBRE GEOGRAFICO [R] | |
| Nombre geográfico [NR] | Estados Unidos |
| Subdivisión general [R] | Condiciones sociales |
| 9 (RLIN) | 44045 |
| 651 #4 - ASIENTO SECUNDARIO DE MATERIA - NOMBRE GEOGRAFICO [R] | |
| Nombre geográfico [NR] | Estados Unidos |
| Subdivisión general [R] | Vida intelectual |
| 9 (RLIN) | 61537 |
| 690 ## - ASUNTO AGREGADO LOCAL DE ENTRADA - TÉRMINO TEMÁTICO (OCLC, RLIN) | |
| 9 (RLIN) | 42842 |
| Acceso temático local | Historia de América |
| 942 ## - ELEMENTOS DE ENTRADA AGREGADOS (KOHA) | |
| Tema principal | Historia |
| Tipo de ítem principal el descrito en 300a | Libro |
| Edición | 1 |
| Parte restante de la signatura top. | M534m |
| Sistema de clasificación | DEWEY |
| Clasificación | 973.9 |
| Fecha de último préstamo | Total préstamos | Signatura topográfica | Código de barras | Última vez visto | Ejemplar | Costo de reposición | Price effective from | Tipo de ítem | Perdido | Sistema de clasificación | Dañado | No prestable | Tipo de ítem específico | Suprimido | Ubicación habitual | Ubicación actual | Localización | Fecha de creación | Proveedor | Forma de adquisición | Costo |
|---|---|---|---|---|---|---|---|---|---|---|---|---|---|---|---|---|---|---|---|---|---|
| 20/08/2025 | 1 | 973.9 M534m | 100142536 | 10/12/2025 | Ej.1 | 23350.00 | 19/05/2014 | Libro | DEWEY | Libro | Claustro | Claustro | 2do piso | 19/05/2014 | 15 | Compra | 23350.00 |